Rimbaud le voyant /

Hlavní autor: Rolland de Renéville, André, 1903-1962
Jazyk: Francouzština
Vydáno: Paris : La Colombe, [1947]
Vydání: Édition revue et augmentée
Fyzický popis: 151 s.
Knihy
Uloženo v:
LEADER 00644nam a22002052a 4500
001 001893000
003 CZ BrMZK
005 20240419122210.0
007 ta
008 240419s1947 fr er|||||||||||fre d
040 |a BOA001  |b cze  |e aacr2 
100 1 |a Rolland de Renéville, André,  |d 1903-1962  |7 hka20181011756  |4 aut 
245 1 0 |a Rimbaud le voyant /  |c André Rolland de Renéville 
250 |a Édition revue et augmentée 
260 |a Paris :  |b La Colombe,  |c [1947] 
300 |a 151 s. 
910 |a BOA001  |b 2-0199.165 
990 |a BK 
991 |b 202404 
996 7 |b 2618765980  |c 2-0199.165  |l MZK  |r Sklad / do 24 hodin  |n 0  |w 001961386  |u 000010  |a 1  |e BOA001  |j MZK50  |s A